Zawody najbardziej znane - Statystyki

Ogólne statystyki
  • Ten quiz został rozwiązany 7 razy
  • Średni wynik to 4 z 11
Statystyki odpowiedzi
Hint Odpowiedź % Poprawnych
L Lekarze
67%
P Pały
67%
S Strażacy
67%
G Ginekolodzy położni
50%
N Nauczyciele polskiego
50%
N Nauczyciele historii
33%
N Nauczyciele matmy
33%
N Nauczyciele biologii
17%
N Nauczyciele chemii
17%
N Nauczyciele fizyki
17%
N Nauczyciele geografii
17%
Nie znaleziono quizów pasujących do podanych kryteriów
Rozkład punktacji
Procent ludzi z każdym wynikiem
Percentyl według liczby udzielonych odpowiedzi
Twoja historia wyników
Nie rozwiązałeś tego quizu